[Event "HUN-chT2 Barcza 1819"]
[Site "Hungary"]
[Date "2019.01.27"]
[Round "6.10"]
[White "Fekete, Sandor"]
[Black "Vitai, Tamas"]
[Result "0-1"]
[WhiteElo "1699"]
[BlackElo "1829"]
[PlyCount "44"]
[EventDate "2018.09.23"]
[EventType "team-tourn"]
[EventRounds "11"]
[EventCountry "HUN"]
[SourceTitle "CBM 189 Extra"]
[Source "ChessBase"]
[SourceDate "2019.06.03"]
[SourceVersion "1"]
[SourceVersionDate "2019.06.03"]
[SourceQuality "1"]
[WhiteTeam "Kazincbarcika"]
[BlackTeam "Nyiregyhaza"]
[WhiteTeamCountry "HUN"]
[BlackTeamCountry "HUN"]

1. d4 e6 2. Nf3 b6 3. Bf4 Bb7 4. e3 f5 5. Nbd2 Nf6 6. c3 Be7 7. h3 0-0 8. Be2 d6 9. 0-0 Ne4 10. Qc2 Nd7 11. Bd3 Ndf6 12. Ng5 Nxg5 13. Bxg5 Qe8 14. Bxf6 Rxf6 15. f4 Qh5 16. Qd1 Qh6 17. Nf3 Rg6 18. Kh2 Bh4 19. g4 fxg4 20. Nxh4 Qxh4 21. e4 Qxh3+ 22. Kg1 Qg3+ 0-1

[Event "HUN-chT2 Barcza 1415"]
[Site "Hungary"]
[Date "2015.04.26"]
[Round "?"]
[White "Bai, Attila"]
[Black "Vitai, Tamas"]
[Result "1-0"]
[WhiteElo "2208"]
[BlackElo "1922"]
[PlyCount "45"]
[EventDate "2014.09.07"]
[EventType "team-tourn"]
[EventRounds "11"]
[EventCountry "HUN"]
[SourceTitle "EXT 2016"]
[Source "ChessBase"]
[SourceDate "2015.10.08"]
[SourceVersion "1"]
[SourceVersionDate "2015.10.08"]
[SourceQuality "1"]
[WhiteTeam "Edeleny"]
[BlackTeam "Piremon"]
[WhiteTeamCountry "HUN"]
[BlackTeamCountry "HUN"]

1. d4 d5 2. Nf3 Nf6 3. Bg5 Nbd7 4. Nbd2 e6 5. e3 Be7 6. Bd3 0-0 7. h4 c5 8. c3 h6 9. Bf4 c4 10. Bc2 b5 11. Ne5 Nxe5 12. dxe5 Nd7 13. g4 Bxh4 14. Nf3 Bg5 15. Bxg5 hxg5 16. Bh7+ Kh8 17. Qc2 Re8 18. Rh5 f5 19. Bxf5+ Kg8 20. Bxe6+ Rxe6 21. Qh7+ Kf7 22. Nxg5+ Qxg5 23. Rxg5 1-0

[Event "HUN-chT2 Barcza 1415"]
[Site "Hungary"]
[Date "2015.03.07"]
[Round "?"]
[White "Acs, Gabor"]
[Black "Vitai, Tamas"]
[Result "1-0"]
[WhiteElo "2162"]
[BlackElo "1922"]
[PlyCount "115"]
[EventDate "2014.09.07"]
[EventType "team-tourn"]
[EventRounds "11"]
[EventCountry "HUN"]
[SourceTitle "EXT 2016"]
[Source "ChessBase"]
[SourceDate "2015.10.08"]
[SourceVersion "1"]
[SourceVersionDate "2015.10.08"]
[SourceQuality "1"]
[WhiteTeam "Miskolc Sakkiskola"]
[BlackTeam "Piremon"]
[WhiteTeamCountry "HUN"]
[BlackTeamCountry "HUN"]

1. e4 c5 2. c3 b6 3. d4 cxd4 4. cxd4 Bb7 5. Nc3 Nf6 6. Bd3 e6 7. Nge2 d6 8. 0-0 Nbd7 9. h3 Be7 10. Be3 Rc8 11. Rc1 0-0 12. Bb1 e5 13. a3 d5 14. exd5 Nxd5 15. Qd3 g6 16. Nxd5 Bxd5 17. Qb5 exd4 18. Bh6 Rxc1 19. Rxc1 Ne5 20. Bxf8 Bxf8 21. Nf4 Qg5 22. Qxd5 Qxf4 23. Rd1 d3 24. Bxd3 Bc5 25. Rf1 a5 26. Qe4 Qxe4 27. Bxe4 Nc4 28. Rb1 Bd4 29. b3 Nxa3 30. Rd1 Nb5 31. Bc6 Nc3 32. Rd2 Bf6 33. Kf1 b5 34. Rd6 Kg7 35. Be8 Be7 36. Ra6 a4 37. bxa4 bxa4 38. Bxa4 Ne4 39. Bc2 Nc5 40. Rc6 Ne6 41. Ba4 h5 42. g3 h4 43. Kg2 Bf6 44. Bd1 Be5 45. Rc4 hxg3 46. fxg3 Nd4 47. Bg4 f6 48. Ra4 Nb5 49. Rb4 Nd6 50. Be6 Ne8 51. Rb7+ Kh6 52. Bg8 Ng7 53. Kf3 g5 54. g4 Ne8 55. Rh7+ Kg6 56. Re7 Ng7 57. Bf7+ Kh6 58. Rxe5 1-0

[Event "HUN-chT2 Barcza 1415"]
[Site "Hungary"]
[Date "2015.02.08"]
[Round "?"]
[White "Vitai, Tamas"]
[Black "Kelemen, Imre"]
[Result "0-1"]
[WhiteElo "1922"]
[BlackElo "2111"]
[PlyCount "84"]
[EventDate "2014.09.07"]
[EventType "team-tourn"]
[EventRounds "11"]
[EventCountry "HUN"]
[SourceTitle "EXT 2016"]
[Source "ChessBase"]
[SourceDate "2015.10.08"]
[SourceVersion "1"]
[SourceVersionDate "2015.10.08"]
[SourceQuality "1"]
[WhiteTeam "Piremon"]
[BlackTeam "Debrecen Sakkbaratok"]
[WhiteTeamCountry "HUN"]
[BlackTeamCountry "HUN"]

1. e4 c5 2. Nf3 Nc6 3. d4 cxd4 4. Nxd4 g6 5. Be3 Bg7 6. Nc3 Nf6 7. Bc4 0-0 8. Bb3 a5 9. 0-0 d6 10. Ndb5 Ng4 11. Bg5 h6 12. Bh4 Qb6 13. Qe2 g5 14. Bg3 Bd7 15. Na4 Nd4 16. Nxd4 Qxd4 17. c3 Qa7 18. c4 Rac8 19. Rfd1 Ne5 20. Bxe5 Bxe5 21. Rac1 Rc7 22. h4 g4 23. c5 Bxa4 24. Bxa4 Rxc5 25. Qxg4+ Kh8 26. Rc2 b5 27. Bb3 a4 28. Rxc5 Qxc5 29. Rd5 Qc1+ 30. Bd1 Qxb2 31. Qh5 Bg7 32. Rxb5 Qxa2 33. Ra5 Qd2 34. Bxa4 Qe1+ 35. Kh2 Qxf2 36. Rf5 Be5+ 37. Rxe5 Qf4+ 38. g3 Qxe5 39. Qxh6+ Kg8 40. Bb3 e6 41. Qd2 Rb8 42. Qd3 Qb2+ 0-1

[Event "Balaton op 32nd"]
[Site "Balatonboglar"]
[Date "2014.06.14"]
[Round "1"]
[White "Vitai, Tamas"]
[Black "Szabo, Zsolt2222"]
[Result "0-1"]
[WhiteElo "1946"]
[BlackElo "2303"]
[PlyCount "54"]
[EventDate "2014.06.14"]
[EventType "swiss"]
[EventRounds "9"]
[EventCountry "HUN"]
[SourceTitle "EXT 2015"]
[Source "ChessBase"]
[SourceDate "2014.11.20"]
[SourceVersion "1"]
[SourceVersionDate "2014.11.20"]
[SourceQuality "1"]

1. e4 d6 2. d4 g6 3. Bc4 Bg7 4. Qf3 Nf6 5. e5 dxe5 6. Qb3 0-0 7. dxe5 Ng4 8. e6 fxe6 9. Bxe6+ Kh8 10. Nf3 Nc6 11. Bxc8 Qxc8 12. h3 Nd4 13. Nxd4 Bxd4 14. 0-0 Nxf2 15. Be3 Nxh3+ 16. gxh3 Rxf1+ 17. Kxf1 Qxh3+ 18. Ke2 Qg4+ 19. Ke1 Qe4 20. Ke2 Rf8 21. Nd2 Qg4+ 22. Ke1 Qg3+ 23. Ke2 Qg4+ 24. Ke1 c5 25. Bxd4+ cxd4 26. Qd3 Qg1+ 27. Nf1 Qf2+ 0-1

[Event "HUN-chT2 Barcza 1314"]
[Site "Hungary"]
[Date "2014.04.13"]
[Round "10"]
[White "Meszaros, Andras"]
[Black "Vitai, Tamas"]
[Result "1-0"]
[WhiteElo "2273"]
[BlackElo "1960"]
[PlyCount "65"]
[EventDate "2013.09.08"]
[EventType "team-tourn"]
[EventRounds "11"]
[EventCountry "HUN"]
[SourceTitle "EXT 2016"]
[Source "ChessBase"]
[SourceDate "2015.10.08"]
[SourceVersion "1"]
[SourceVersionDate "2015.10.08"]
[SourceQuality "1"]
[WhiteTeam "Nadudvar"]
[BlackTeam "Nyiregyhaza"]
[WhiteTeamCountry "HUN"]
[BlackTeamCountry "HUN"]

1. Nf3 Nf6 2. c4 c6 3. d4 d5 4. Nbd2 e6 5. e3 a6 6. Bd3 Nbd7 7. 0-0 b5 8. b3 Bd6 9. e4 dxe4 10. Nxe4 Nxe4 11. Bxe4 Qc7 12. Bg5 Bb7 13. Rc1 Bf4 14. Rc3 b4 15. Rd3 0-0 16. Qe2 f5 17. Bxf4 e5 18. Nxe5 fxe4 19. Qxe4 c5 20. Qe3 Rae8 21. Nxd7 Qxd7 22. Be5 cxd4 23. Qg3 Re6 24. Rxd4 Qf7 25. Rf4 Qe7 26. Rxf8+ Kxf8 27. Re1 Kg8 28. Qe3 Rg6 29. Bg3 Qxe3 30. Rxe3 Kf7 31. Kf1 h5 32. f3 a5 33. Re5 1-0

[Event "HUN-chT2 Barcza 1314"]
[Site "Hungary"]
[Date "2014.02.16"]
[Round "7"]
[White "Zabiak, Jozsef"]
[Black "Vitai, Tamas"]
[Result "1-0"]
[WhiteElo "2203"]
[BlackElo "1960"]
[PlyCount "97"]
[EventDate "2013.09.08"]
[EventType "team-tourn"]
[EventRounds "11"]
[EventCountry "HUN"]
[SourceTitle "EXT 2016"]
[Source "ChessBase"]
[SourceDate "2015.10.08"]
[SourceVersion "1"]
[SourceVersionDate "2015.10.08"]
[SourceQuality "1"]
[WhiteTeam "Sajobabony"]
[BlackTeam "Nyiregyhaza"]
[WhiteTeamCountry "HUN"]
[BlackTeamCountry "HUN"]

1. d4 b6 2. e4 e6 3. f4 Bb7 4. Bd3 c5 5. c3 cxd4 6. cxd4 Bb4+ 7. Bd2 Bxd2+ 8. Qxd2 Ne7 9. Nf3 0-0 10. 0-0 f5 11. Nc3 Na6 12. a3 Nc7 13. Rac1 fxe4 14. Nxe4 Ncd5 15. Nd6 Bc6 16. Ne5 Qb8 17. Ndc4 Qc7 18. Be4 Nf6 19. Bxc6 Nxc6 20. Nxc6 Qxc6 21. Ne3 Ne4 22. Qd3 d5 23. f5 exf5 24. Nxf5 Qe6 25. Ne3 Rxf1+ 26. Rxf1 Rf8 27. Rxf8+ Kxf8 28. Qf1+ Nf6 29. Qf4 Qc8 30. Nxd5 Qe6 31. Ne3 Qc6 32. Ng4 Qe6 33. Qb8+ Ne8 34. Qf4+ Nf6 35. h3 h5 36. Qb8+ Ne8 37. Ne5 Qd5 38. Nf3 Qc4 39. Qf4+ Nf6 40. Ne5 Qc2 41. Qf2 Qe4 42. Qd2 Nd5 43. Qd3 Qxd3 44. Nxd3 Ke7 45. Kf2 Ke6 46. Kf3 g5 47. h4 Kf5 48. hxg5 Kxg5 49. Ke4 1-0

[Event "HUN-chT2 Barcza 1314"]
[Site "Hungary"]
[Date "2013.11.03"]
[Round "4"]
[White "Vitai, Tamas"]
[Black "Ligart, Tamas"]
[Result "1/2-1/2"]
[WhiteElo "1960"]
[BlackElo "2203"]
[PlyCount "77"]
[EventDate "2013.09.08"]
[EventType "team-tourn"]
[EventRounds "11"]
[EventCountry "HUN"]
[SourceTitle "EXT 2016"]
[Source "ChessBase"]
[SourceDate "2015.10.08"]
[SourceVersion "1"]
[SourceVersionDate "2015.10.08"]
[SourceQuality "1"]
[WhiteTeam "Nyiregyhaza"]
[BlackTeam "Edeleny"]
[WhiteTeamCountry "HUN"]
[BlackTeamCountry "HUN"]

1. e4 e5 2. Nf3 Nc6 3. Bb5 a6 4. Ba4 Nf6 5. d3 d6 6. h3 b5 7. Bb3 Na5 8. 0-0 Be7 9. Nc3 0-0 10. Ne2 Nxb3 11. axb3 c5 12. Ng3 Ne8 13. Nh2 d5 14. Ng4 dxe4 15. dxe4 Qc7 16. Qf3 Bxg4 17. hxg4 g6 18. Rd1 Ng7 19. Bh6 Rfd8 20. Bxg7 Kxg7 21. Nf1 Bg5 22. Ne3 Bxe3 23. Qxe3 Qc6 24. f3 Rd6 25. Kf2 Rad8 26. Rh1 Rd2+ 27. Kg3 h5 28. gxh5 Qf6 29. Rac1 g5 30. h6+ Kg6 31. Rh2 Re2 32. Qxe2 Qf4+ 33. Kf2 Qxh2 34. Rd1 Qh4+ 35. Kg1 Rd4 36. c3 Rxd1+ 37. Qxd1 Qf4 38. Qd6+ f6 39. Qf8 1/2-1/2

[Event "HUN-chT2 Barcza 1213"]
[Site "Hungary"]
[Date "2013.03.24"]
[Round "9.5"]
[White "Vass, Laszlo"]
[Black "Vitai, Tamas"]
[Result "1-0"]
[WhiteElo "1899"]
[BlackElo "1975"]
[PlyCount "41"]
[EventDate "2012.09.16"]
[EventType "team-tourn"]
[EventRounds "11"]
[EventCountry "HUN"]
[SourceTitle "EXT 2014"]
[Source "ChessBase"]
[SourceDate "2013.11.20"]
[SourceVersion "1"]
[SourceVersionDate "2013.11.20"]
[SourceQuality "1"]
[WhiteTeam "Nadudvar"]
[BlackTeam "Piremon"]
[WhiteTeamCountry "HUN"]
[BlackTeamCountry "HUN"]

1. e4 c5 2. Nc3 Nc6 3. g3 g6 4. Bg2 Bg7 5. Nge2 d6 6. 0-0 h5 7. h3 h4 8. g4 Nf6 9. f3 Qc7 10. d4 cxd4 11. Nxd4 Nxd4 12. Qxd4 Nh5 13. Qd3 Ng3 14. Re1 Be6 15. Nd5 Bxd5 16. exd5 Rc8 17. c3 Qb6+ 18. Kh2 Qf2 19. Qb5+ Kd8 20. Be3 Nf1+ 21. Qxf1 1-0

[Event "HUN-chT2 Barcza 1213"]
[Site "Hungary"]
[Date "2012.12.02"]
[Round "5.4"]
[White "Vitai, Tamas"]
[Black "Somodi, Krisztian"]
[Result "1/2-1/2"]
[WhiteElo "1962"]
[BlackElo "2042"]
[PlyCount "99"]
[EventDate "2012.09.16"]
[EventType "team-tourn"]
[EventRounds "11"]
[EventCountry "HUN"]
[SourceTitle "EXT 2014"]
[Source "ChessBase"]
[SourceDate "2013.11.20"]
[SourceVersion "1"]
[SourceVersionDate "2013.11.20"]
[SourceQuality "1"]
[WhiteTeam "Piremon"]
[BlackTeam "DEAC"]
[WhiteTeamCountry "HUN"]
[BlackTeamCountry "HUN"]

1. d4 Nf6 2. Nc3 d5 3. Bg5 e6 4. e4 Be7 5. e5 Nfd7 6. Bxe7 Qxe7 7. f4 f5 8. Nf3 Nb6 9. Qd2 Bd7 10. 0-0-0 Nc6 11. Kb1 0-0-0 12. Be2 Be8 13. h3 a6 14. g4 g6 15. g5 Na5 16. Qc1 Nac4 17. Bxc4 Nxc4 18. Nd2 Nxd2+ 19. Rxd2 c5 20. Rdh2 c4 21. Ne2 h5 22. Qd2 Qc7 23. Qb4 Bc6 24. a4 Kd7 25. Ng1 a5 26. Qa3 Ke8 27. Nf3 Kf7 28. b3 Qe7 29. Ka2 Qxa3+ 30. Kxa3 b5 31. axb5 Bxb5 32. Nd2 Rb8 33. Rb1 cxb3 34. Nxb3 Bc6 35. Rhh1 Rb4 36. c3 Ra4+ 37. Kb2 Rb8 38. Rhc1 Rc4 39. Kc2 Ba4 40. Rb2 Rc7 41. Ra1 Rb4 42. Kb1 Rxb3 43. Rxa4 Rbxc3 44. Rxa5 Rxh3 45. Rb8 Rhc3 46. Rh8 Rb7+ 47. Ka2 Rcc7 48. Ra6 Re7 49. Rd6 Kg7 50. Rdd8 1/2-1/2

[Event "HUN-chT2 Barcza 1213"]
[Site "Hungary"]
[Date "2012.09.16"]
[Round "1.5"]
[White "Vitai, Tamas"]
[Black "Heindrich, Janos"]
[Result "1-0"]
[WhiteElo "1962"]
[BlackElo "2127"]
[PlyCount "63"]
[EventDate "2012.09.16"]
[EventType "team-tourn"]
[EventRounds "11"]
[EventCountry "HUN"]
[SourceTitle "EXT 2014"]
[Source "ChessBase"]
[SourceDate "2013.11.20"]
[SourceVersion "1"]
[SourceVersionDate "2013.11.20"]
[SourceQuality "1"]
[WhiteTeam "Piremon"]
[BlackTeam "Kazincbarcika"]
[WhiteTeamCountry "HUN"]
[BlackTeamCountry "HUN"]

1. e4 c5 2. Nf3 d6 3. d4 cxd4 4. Nxd4 Nf6 5. Nc3 e6 6. g4 Nc6 7. g5 Nd7 8. Be3 Nde5 9. Nxc6 bxc6 10. f4 Nd7 11. Bc4 Nb6 12. Bb3 d5 13. exd5 Nxd5 14. Nxd5 exd5 15. Qe2 Be7 16. 0-0-0 0-0 17. Qf2 Bf5 18. Bc5 a5 19. Ba4 Qc7 20. Bxe7 Qxe7 21. Rhe1 Qc7 22. c3 f6 23. gxf6 Rxf6 24. Re5 Be4 25. Qc5 Raf8 26. Re7 Qxf4+ 27. Rd2 Qg5 28. Rxe4 Rf1+ 29. Bd1 R8f2 30. Re8+ Kf7 31. Rf8+ Kg6 32. Rfxf2 1-0

[Event "Baile Felix Cup 27th"]
[Site "Baile Felix"]
[Date "2012.06.02"]
[Round "2"]
[White "Vitai, Tamas"]
[Black "Frink, Ferenc"]
[Result "0-1"]
[WhiteElo "1936"]
[BlackElo "2198"]
[PlyCount "76"]
[EventDate "2012.06.01"]
[EventType "swiss"]
[EventRounds "7"]
[EventCountry "ROU"]
[SourceTitle "CBM 148 Extra"]
[Source "ChessBase"]
[SourceDate "2012.06.22"]
[SourceVersion "1"]
[SourceVersionDate "2012.06.22"]
[SourceQuality "1"]

1. e4 Nc6 2. d4 e5 3. dxe5 Nxe5 4. Bf4 Ng6 5. Bg3 Bc5 6. Bc4 d6 7. Nc3 Nf6 8. Qd2 0-0 9. 0-0-0 Be6 10. Bd3 b5 11. f4 Ng4 12. Re1 f5 13. h3 Nh6 14. Nf3 b4 15. Na4 Kh8 16. Ng5 Bg8 17. Nxc5 dxc5 18. e5 Bxa2 19. b3 Qd4 20. Qe3 Qa1+ 21. Kd2 Qc3+ 22. Ke2 Rae8 23. Nf3 c4 24. Bxc4 Qxc2+ 25. Nd2 Rd8 26. Rc1 Qb2 27. Rhd1 Nxe5 28. fxe5 f4 29. Bxf4 Nf5 30. Qe4 Bxb3 31. Bxb3 Nd4+ 32. Ke1 Nxb3 33. Rb1 Nxd2 34. Bxd2 Qa3 35. Qe3 Qa6 36. Qe2 Qg6 37. g4 Qc6 38. Qe3 Qh1+ 0-1

[Event "HUN-chT2 Barcza 1112 "]
[Site "Hungary"]
[Date "2012.04.22"]
[Round "9"]
[White "Vitai, Tamas"]
[Black "Zoltan, Lajos"]
[Result "1/2-1/2"]
[WhiteElo "1935"]
[BlackElo "1963"]
[PlyCount "47"]
[EventDate "2011.09.25"]
[EventType "team-tourn"]
[EventRounds "11"]
[EventCountry "HUN"]
[SourceTitle "EXT 2013"]
[Source "ChessBase"]
[SourceDate "2012.11.22"]
[SourceVersion "1"]
[SourceVersionDate "2012.11.22"]
[SourceQuality "1"]
[WhiteTeam "Piremon"]
[BlackTeam "Nadudvar"]
[WhiteTeamCountry "HUN"]
[BlackTeamCountry "HUN"]

1. e4 e6 2. d4 d5 3. Nc3 Bb4 4. e5 c5 5. a3 Bxc3+ 6. bxc3 Qc7 7. Bd2 Ne7 8. Bd3 Nbc6 9. Nf3 c4 10. Be2 f6 11. exf6 gxf6 12. Nh4 Rg8 13. Bh5+ Ng6 14. Qf3 Qg7 15. Qe2 Bd7 16. Nf5 Qh8 17. Nd6+ Ke7 18. Nf5+ Kd8 19. Nd6 Kc7 20. Nb5+ Kd8 21. Bh6 b6 22. g3 Re8 23. f4 Re7 24. a4 1/2-1/2

[Event "HUN-chT2 Barcza 1112 "]
[Site "Hungary"]
[Date "2011.11.27"]
[Round "4"]
[White "Sike, Tamas"]
[Black "Vitai, Tamas"]
[Result "0-1"]
[WhiteElo "1773"]
[BlackElo "1935"]
[PlyCount "132"]
[EventDate "2011.09.25"]
[EventType "team-tourn"]
[EventRounds "11"]
[EventCountry "HUN"]
[SourceTitle "EXT 2013"]
[Source "ChessBase"]
[SourceDate "2012.11.22"]
[SourceVersion "1"]
[SourceVersionDate "2012.11.22"]
[SourceQuality "1"]
[WhiteTeam "Sajoszentpeter"]
[BlackTeam "Piremon"]
[WhiteTeamCountry "HUN"]
[BlackTeamCountry "HUN"]

1. e4 c5 2. Nc3 Nc6 3. d3 g6 4. f4 Bg7 5. Nf3 d6 6. g3 Bg4 7. Be2 Qd7 8. Nd5 h5 9. c3 e6 10. Ne3 Nge7 11. Nc2 d5 12. e5 Nf5 13. Ne3 Nce7 14. Kf2 Bxf3 15. Bxf3 d4 16. Nxf5 gxf5 17. c4 h4 18. Bd2 Nc6 19. a3 a5 20. Qb3 f6 21. exf6 Bxf6 22. Rae1 Kf7 23. Qb5 Be7 24. g4 h3 25. g5 Qc7 26. Re2 Bd6 27. Rhe1 Rae8 28. Bxc6 bxc6 29. Qxa5 Bxf4 30. Qxc7+ Bxc7 31. Kg1 Rhg8 32. Rf2 Kg6 33. Rfe2 Kf7 34. Rf2 Rg6 35. Rf3 Rh8 36. b4 cxb4 37. axb4 Bd8 38. Rg3 Rh5 39. Kh1 Bxg5 40. Reg1 Bxd2 41. Rxg6 Bxb4 42. Rg7+ Kf6 43. R7g6+ Ke5 44. R6g5 Rh4 45. Rf1 Bd2 46. Rg3 Be3 47. Re1 f4 48. Rg5+ Kf6 49. Rg8 Kf7 50. Ra8 f3 51. Ra2 Rg4 52. Rf1 Ke7 53. Ra7+ Kd6 54. Rf7 f2 55. R7xf2 Bxf2 56. Rxf2 e5 57. Rf3 Rh4 58. Kg1 e4 59. dxe4 Kc5 60. e5 Kxc4 61. Rf6 c5 62. Rd6 Re4 63. e6 d3 64. Kf2 Kc3 65. Rd5 c4 66. Ra5 Rxe6 0-1

[Event "HUN-chT2 Barcza 1011"]
[Site "Hungary"]
[Date "2010.09.12"]
[Round "1.9"]
[White "Molnar, Laszlo2222"]
[Black "Vitai, Tamas"]
[Result "0-1"]
[WhiteElo "2028"]
[BlackElo "1959"]
[PlyCount "58"]
[EventDate "2010.09.12"]
[EventType "team-tourn"]
[EventRounds "11"]
[EventCountry "HUN"]
[SourceTitle "EXT 2012"]
[Source "ChessBase"]
[SourceDate "2011.11.24"]
[SourceVersion "1"]
[SourceVersionDate "2011.11.24"]
[SourceQuality "1"]
[WhiteTeam "Balkany"]
[BlackTeam "Piremon"]
[WhiteTeamCountry "HUN"]
[BlackTeamCountry "HUN"]

1. e4 c5 2. Nf3 d6 3. d4 cxd4 4. Qxd4 Bd7 5. Be3 Nc6 6. Qd2 g6 7. Nc3 Bg7 8. 0-0-0 Qa5 9. Nd4 Rc8 10. a3 Nf6 11. f3 0-0 12. Nb3 Qc7 13. Bh6 Be6 14. Bxg7 Kxg7 15. Nd4 a6 16. Nxe6+ fxe6 17. Bc4 d5 18. exd5 Na5 19. Ba2 Rfd8 20. Qe3 exd5 21. Rd2 e5 22. Qe2 d4 23. Ne4 Nd5 24. Bxd5 Rxd5 25. Kb1 Qb6 26. c3 Nc4 27. Rd3 Nxa3+ 28. Ka2 Nc4 29. cxd4 Nxb2 0-1

[Event "HUN-chT2 Barcza 0910"]
[Site "Hungary"]
[Date "2010.02.28"]
[Round "7.9"]
[White "Ats, Laszlo Gyorgy"]
[Black "Vitai, Tamas"]
[Result "1-0"]
[WhiteElo "2095"]
[BlackElo "1951"]
[PlyCount "49"]
[EventDate "2009.11.08"]
[EventType "team-tourn"]
[EventRounds "11"]
[EventCountry "HUN"]
[SourceTitle "EXT 2011"]
[Source "ChessBase"]
[SourceDate "2010.11.26"]
[SourceVersion "1"]
[SourceVersionDate "2010.11.26"]
[SourceQuality "1"]
[WhiteTeam "Debrecen Sakkbaratok"]
[BlackTeam "DEAC"]
[WhiteTeamCountry "HUN"]
[BlackTeamCountry "HUN"]

1. d4 e6 2. Bf4 b6 3. e3 Bb7 4. Nf3 f5 5. h4 Nf6 6. Bd3 d6 7. Nbd2 Be7 8. Ng5 Qd7 9. Bc4 d5 10. Qf3 h6 11. Nh3 0-0 12. Be2 c5 13. Qg3 cxd4 14. Bxh6 Bd6 15. Bf4 dxe3 16. fxe3 Bxf4 17. Nxf4 d4 18. exd4 Qxd4 19. Qxg7+ Kxg7 20. Nxe6+ Kf7 21. Nxd4 Bxg2 22. Rg1 Be4 23. Bc4+ Ke7 24. Rg7+ Kd6 25. Nb5+ 1-0

[Event "HUN-chT2 Barcza 0910"]
[Site "Hungary"]
[Date "2009.12.20"]
[Round "4.9"]
[White "Vitai, Tamas"]
[Black "Jozsa, Ferenc"]
[Result "1/2-1/2"]
[WhiteElo "1951"]
[BlackElo "1879"]
[PlyCount "70"]
[EventDate "2009.11.08"]
[EventType "team-tourn"]
[EventRounds "11"]
[EventCountry "HUN"]
[SourceTitle "EXT 2011"]
[Source "ChessBase"]
[SourceDate "2010.11.26"]
[SourceVersion "1"]
[SourceVersionDate "2010.11.26"]
[SourceQuality "1"]
[WhiteTeam "DEAC"]
[BlackTeam "Miskolc"]
[WhiteTeamCountry "HUN"]
[BlackTeamCountry "HUN"]

1. e4 e6 2. d4 d5 3. Nc3 c6 4. Nf3 h6 5. Be3 Be7 6. Bd3 Nd7 7. Qd2 Qc7 8. 0-0-0 Bb4 9. exd5 cxd5 10. Bf4 Qa5 11. Kb1 Ngf6 12. Rhe1 Nb6 13. Ne5 Bd7 14. Nxd7 Nfxd7 15. Be5 Na4 16. Bc7 Qxc7 17. Nxd5 Bxd2 18. Nxc7+ Kd8 19. Nxa8 Bxe1 20. Rxe1 a6 21. c4 Kc8 22. b3 Kb8 23. bxa4 Kxa8 24. a5 Rd8 25. Kc2 Nb8 26. Be4 Rxd4 27. Kc3 Rd7 28. Rb1 Rc7 29. Rb6 Ka7 30. Rd6 Nd7 31. Kd4 f5 32. Bc2 e5+ 33. Kc3 e4 34. Kd4 Nf6 35. h3 Nd7 1/2-1/2

[Event "HUN-chT2 Barcza 0809"]
[Site "Hungary"]
[Date "2009.04.05"]
[Round "10.8"]
[White "Vitai, Tamas"]
[Black "Mizik, Zsolt"]
[Result "1-0"]
[WhiteElo "1968"]
[BlackElo "2042"]
[PlyCount "85"]
[EventDate "2008.10.26"]
[EventType "team-tourn"]
[EventRounds "11"]
[EventCountry "HUN"]
[SourceTitle "EXT 2010"]
[Source "ChessBase"]
[SourceDate "2010.11.25"]
[SourceVersion "1"]
[SourceVersionDate "2010.11.25"]
[SourceQuality "1"]
[WhiteTeam "DEAC"]
[BlackTeam "Tiszavasvar"]
[WhiteTeamCountry "HUN"]
[BlackTeamCountry "HUN"]

1. e4 e5 2. f4 exf4 3. Nf3 Nf6 4. Nc3 d5 5. exd5 Nxd5 6. Bc4 Nxc3 7. bxc3 Bd6 8. 0-0 0-0 9. d4 Bg4 10. Qd3 Nd7 11. h3 Bh5 12. Nh2 Qh4 13. Qf5 Nb6 14. Bb3 g6 15. Qd3 Rae8 16. Nf3 Qg3 17. Bd2 Re3 18. Bxe3 fxe3 19. Qxe3 Bxf3 20. Qxf3 Qh2+ 21. Kf2 Be7 22. Qg3 Qxg3+ 23. Kxg3 c5 24. dxc5 Bxc5 25. Rxf7 Rxf7 26. Rf1 Bd6+ 27. Kg4 Nd7 28. Bxf7+ Kg7 29. Bd5 Ne5+ 30. Kf4 b6 31. Ke4 a5 32. a4 h6 33. c4 h5 34. Be6 Kh6 35. g3 Bc7 36. Kd5 Kg5 37. h4+ Kh6 38. Re1 Nf3 39. Re3 Nd2 40. Bh3 Bd8 41. Bg2 Bc7 42. Rd3 Nb1 43. Kc6 1-0

[Event "HUN-chT2 Barcza 0809"]
[Site "Hungary"]
[Date "2009.02.22"]
[Round "8.8"]
[White "Vitai, Tamas"]
[Black "Csatlos, Roland"]
[Result "1-0"]
[WhiteElo "1968"]
[BlackElo "1961"]
[PlyCount "85"]
[EventDate "2008.10.26"]
[EventType "team-tourn"]
[EventRounds "11"]
[EventCountry "HUN"]
[SourceTitle "EXT 2010"]
[Source "ChessBase"]
[SourceDate "2010.11.25"]
[SourceVersion "1"]
[SourceVersionDate "2010.11.25"]
[SourceQuality "1"]
[WhiteTeam "DEAC"]
[BlackTeam "Kazincbarcika II"]
[WhiteTeamCountry "HUN"]
[BlackTeamCountry "HUN"]

1. e4 e6 2. d4 d5 3. Nc3 Bb4 4. e5 c5 5. a3 Bxc3+ 6. bxc3 Qa5 7. Bd2 Qa4 8. Qg4 Kf8 9. Nf3 Qxc2 10. Be2 b6 11. 0-0 Ba6 12. Bxa6 Nxa6 13. dxc5 Nxc5 14. Qb4 Qe4 15. Qb5 Qa4 16. Qe2 Rc8 17. Nd4 Nb3 18. Qd1 Nc5 19. Qg4 Ne4 20. f3 Nc5 21. f4 g6 22. Be3 Ne4 23. f5 exf5 24. Nxf5 gxf5 25. Qxf5 Qe8 26. e6 Nef6 27. e7+ Kxe7 28. Bg5 Rc6 29. Rae1+ Re6 30. Bxf6+ Nxf6 31. Qxf6+ Kd6 32. Qf4+ Kc6 33. Qa4+ Kd6 34. Rxe6+ fxe6 35. Qxa7 Qb5 36. a4 Qc5+ 37. Kh1 Qe3 38. a5 Kc6 39. a6 Qxc3 40. Qb7+ Kd6 41. a7 Qa5 42. Qb8+ Kc5 43. Qxh8 1-0

[Event "HUN-chT2 Barcza 0809"]
[Site "Hungary"]
[Date "2009.02.08"]
[Round "7.8"]
[White "Pasku, Tibor"]
[Black "Vitai, Tamas"]
[Result "1-0"]
[WhiteElo "2045"]
[BlackElo "1968"]
[PlyCount "123"]
[EventDate "2008.10.26"]
[EventType "team-tourn"]
[EventRounds "11"]
[EventCountry "HUN"]
[SourceTitle "EXT 2010"]
[Source "ChessBase"]
[SourceDate "2010.11.25"]
[SourceVersion "1"]
[SourceVersionDate "2010.11.25"]
[SourceQuality "1"]
[WhiteTeam "Debrecen Betu"]
[BlackTeam "DEAC"]
[WhiteTeamCountry "HUN"]
[BlackTeamCountry "HUN"]

1. e4 e5 2. Nf3 Nc6 3. Bb5 a6 4. Ba4 Nf6 5. 0-0 b5 6. Bb3 Be7 7. Re1 0-0 8. a4 Bb7 9. d3 d6 10. c3 Na5 11. Bc2 c5 12. Nbd2 Qc7 13. Nf1 Rfe8 14. b3 Rac8 15. c4 Bc6 16. Bd2 b4 17. Ng3 Bd7 18. h3 Nc6 19. Nh2 Nd4 20. f4 exf4 21. Bxf4 Ne6 22. Bd2 Nf8 23. Qf3 Ng6 24. Rf1 d5 25. Nf5 dxe4 26. Nxe7+ Rxe7 27. dxe4 Re5 28. Be1 Re7 29. Bg3 Qb7 30. Bd6 Re6 31. e5 Bc6 32. Qg3 Ne4 33. Bxe4 Bxe4 34. Nf3 h6 35. Rae1 Ne7 36. Qf4 Bc6 37. Rf2 Ng6 38. Qg3 Nf8 39. Nh4 Ng6 40. Nf5 Be4 41. Ref1 Bxf5 42. Rxf5 Nf8 43. Qf2 f6 44. Bxc5 Nd7 45. exf6 Nxf6 46. Bd4 Rf8 47. Bxf6 Rfxf6 48. Rxf6 Rxf6 49. Qd4 Rg6 50. Rf2 Qe7 51. c5 a5 52. Qc4+ Kh8 53. c6 Qe1+ 54. Rf1 Qe3+ 55. Kh1 Rg3 56. Rf8+ Kh7 57. Qc2+ Rg6 58. c7 Qe1+ 59. Kh2 Qg3+ 60. Kg1 Qxh3 61. Qxg6+ Kxg6 62. gxh3 1-0